01178nam a2200265Ia 4500001000600000003000900006008004100015040001300056040001300069041001300082100002400095100002800119240005300147240003500200245002400235245002400259250001100283260001100294260001200305260004900317300004100366500045400407650002000861650003100881 6392IT-RoPAU130308s9999 xx 000 0 und d aIT-RoPAU cIT-RoPAU aITALIANO aBukofzer Manfred F. gCodice Aut. SPICS: 577 aMUSIC IN THE BAROQUE ERA FROM MONTEVERDI to BACH gCodice Tit. Orig. Spics: T0426 aMusica barocca (La) bMusica barocca (La) a1a ed. aMILANO bRusconi c1982 [1° Ed.:1982 - Ed.Ling.Originale:1947] a"722 p. (prefazione: 4; testo: 718)" aMusica rinascimentale e Musica barocca Giovanni Gabrieli e Il Concertato Monodia con Peri e Caccini Claudio Monteverdi e Il Madrigale Frescobaldi e la Musica Strumentale barocco dei paesi Europei Musica sacra Corale Opera e Oratorio Carissimi e Stradella Contrappunto e concerto Musica sacra Protestante Stili nazionali e Bach Handel Forma nella Musica barocca pensiero Musicale dell'Età barocca Sociologia della Musica barocca barocco e Rococo' aGENERI MUSICALI eCodice materia Spics: 7010